[Event "Irkutsk Veda op"]
[Site "Irkutsk"]
[Date "2010.08.23"]
[Round "9"]
[White "Shigorov, Vitaly"]
[Black "Ivanov, Viktor P"]
[Result "0-1"]
[WhiteElo "1952"]
[BlackElo "2028"]
[PlyCount "110"]
[EventDate "2010.08.15"]
[EventType "swiss"]
[EventRounds "9"]
[EventCountry "RUS"]
[SourceTitle "CBM 138 Extra"]
[Source "ChessBase"]
[SourceDate "2010.10.29"]
[SourceVersion "1"]
[SourceVersionDate "2010.10.29"]
[SourceQuality "1"]

1. d4 Nf6 2. c4 e6 3. Nf3 b6 4. Nc3 Bb7 5. Bg5 Be7 6. e3 0-0 7. Bd3 d5 8. b3 Nbd7 9. 0-0 c5 10. Qe2 Ne4 11. Bxe7 Nxc3 12. Qb2 Qxe7 13. Qxc3 dxc4 14. bxc4 Bxf3 15. gxf3 Rfd8 16. Rfd1 cxd4 17. exd4 Rac8 18. Rac1 Qg5+ 19. Kh1 Nf6 20. Be4 Rc7 21. Rc2 g6 22. Qe3 Qh4 23. Rdc1 Rcd7 24. Rd2 Nh5 25. f4 Nxf4 26. Rcd1 Qf6 27. d5 exd5 28. Bxd5 Nxd5 29. cxd5 Rd6 30. f4 Qf5 31. Qe5 Rf6 32. Rd4 Qxe5 33. fxe5 Rf5 34. e6 fxe6 35. dxe6 Rxd4 36. Rxd4 Re5 37. Rd8+ Kg7 38. Rd7+ Kf6 39. Rxh7 a5 40. Kg2 Kxe6 41. Kf3 Rh5 42. Rg7 Kf6 43. Rb7 Rxh2 44. Rxb6+ Kg7 45. a4 Rh4 46. Ra6 Rxa4 47. Kg3 Kh6 48. Rc6 Kh5 49. Rc5+ g5 50. Kf3 Kh4 51. Rc1 g4+ 52. Kg2 Ra2+ 53. Kf1 Kh3 54. Kg1 g3 55. Rb1 a4 0-1

[Event "Irkutsk Veda op"]
[Site "Irkutsk"]
[Date "2010.08.19"]
[Round "5"]
[White "Eliseev, Nikolay"]
[Black "Ivanov, Viktor P"]
[Result "1-0"]
[WhiteElo "2111"]
[BlackElo "2028"]
[PlyCount "57"]
[EventDate "2010.08.15"]
[EventType "swiss"]
[EventRounds "9"]
[EventCountry "RUS"]
[SourceTitle "CBM 138 Extra"]
[Source "ChessBase"]
[SourceDate "2010.10.29"]
[SourceVersion "1"]
[SourceVersionDate "2010.10.29"]
[SourceQuality "1"]

1. c4 e6 2. d4 d5 3. cxd5 exd5 4. Nc3 c6 5. Nf3 Nf6 6. Bg5 Be7 7. e3 Bf5 8. Bd3 Bxd3 9. Qxd3 Nbd7 10. 0-0 0-0 11. a3 Qc7 12. Rac1 Rac8 13. b4 a6 14. Bxf6 Nxf6 15. Ng5 g6 16. e4 dxe4 17. Ngxe4 Nxe4 18. Qxe4 Bd6 19. h3 Qe7 20. Qf3 Rfe8 21. d5 Qe5 22. g3 cxd5 23. Nxd5 Kg7 24. Rce1 Qb2 25. Rb1 Qd4 26. b5 a5 27. Rbd1 Qb2 28. Nb6 Rcd8 29. Nc4 1-0

[Event "Irkutsk Veda op"]
[Site "Irkutsk"]
[Date "2010.08.17"]
[Round "3"]
[White "Nevsky, Igor"]
[Black "Ivanov, Viktor P"]
[Result "1-0"]
[WhiteElo "1934"]
[BlackElo "2028"]
[PlyCount "135"]
[EventDate "2010.08.15"]
[EventType "swiss"]
[EventRounds "9"]
[EventCountry "RUS"]
[SourceTitle "CBM 138 Extra"]
[Source "ChessBase"]
[SourceDate "2010.10.29"]
[SourceVersion "1"]
[SourceVersionDate "2010.10.29"]
[SourceQuality "1"]

1. e4 c5 2. Nf3 d6 3. d4 cxd4 4. Nxd4 Nf6 5. Nc3 g6 6. Be2 Bg7 7. Be3 0-0 8. Qd2 Nc6 9. f3 Bd7 10. 0-0-0 a6 11. g4 Rc8 12. h4 h5 13. gxh5 Nxh5 14. Rdf1 Ng3 15. Rfg1 Nxh1 16. Rxh1 Ne5 17. h5 Nc4 18. Bxc4 Rxc4 19. Nde2 Rc6 20. Bh6 d5 21. Bxg7 Kxg7 22. hxg6 Rxg6 23. Nf4 Rh8 24. Rxh8 Qxh8 25. Nxg6 Qh1+ 26. Qd1 Qxd1+ 27. Kxd1 Kxg6 28. Nxd5 e6 29. Nb6 Bc6 30. Ke2 Kf6 31. Ke3 Ke5 32. Nc4+ Kf6 33. Kd4 Ke7 34. Kc5 f5 35. exf5 Bxf3 36. fxe6 Kxe6 37. Kb6 Kd5 38. Nd2 Bg2 39. Kxb7 a5 40. Kb6 a4 41. Kb5 a3 42. b3 Kd4 43. Kb4 Ke3 44. Nc4+ Kd4 45. Nxa3 Be4 46. c4 Ke5 47. Nb5 Ke6 48. a4 Kd7 49. a5 Kc6 50. Nd4+ Kb7 51. Kc5 Ka6 52. b4 Bg2 53. Kd6 Be4 54. c5 Bb7 55. c6 Bc8 56. Kc7 Bg4 57. Kb8 Bh3 58. c7 Bg4 59. c8Q+ Bxc8 60. Kxc8 Ka7 61. b5 Ka8 62. a6 Ka7 63. Kc7 Ka8 64. Kc6 Kb8 65. b6 Ka8 66. Kd7 Kb8 67. Nc6+ Ka8 68. b7# 1-0

[Event "RUS-ch Seniors"]
[Site "Lesnoj Gorodok"]
[Date "2009.10.11"]
[Round "9"]
[White "Ivanov, Viktor P"]
[Black "Pushkov, Nikolai"]
[Result "1-0"]
[WhiteElo "2028"]
[BlackElo "2496"]
[PlyCount "87"]
[EventDate "2009.10.03"]
[EventType "swiss"]
[EventRounds "9"]
[EventCountry "RUS"]
[SourceTitle "CBM 132 Extra"]
[Source "ChessBase"]
[SourceDate "2009.11.03"]
[SourceVersion "1"]
[SourceVersionDate "2009.11.03"]
[SourceQuality "1"]

1. e4 e6 2. d4 d5 3. Nc3 Nf6 4. e5 Nfd7 5. f4 c5 6. Nf3 Nc6 7. Be3 cxd4 8. Nxd4 Bc5 9. Qd2 a6 10. 0-0-0 Nxd4 11. Bxd4 b5 12. Bxc5 Nxc5 13. Qd4 Qb6 14. a3 Rb8 15. b4 Nd7 16. Qd2 0-0 17. Bd3 f6 18. exf6 Nxf6 19. Qe2 Bd7 20. Qe5 Rbc8 21. Kb2 Qc7 22. Qd4 Bc6 23. Rhe1 Ne4 24. g3 Rfd8 25. Bxe4 dxe4 26. Qc5 Rxd1 27. Rxd1 Bb7 28. Qd4 h6 29. Rd2 Kh8 30. h4 Qc6 31. Qe5 Qc7 32. Qxc7 Rxc7 33. Rd4 Kh7 34. Nxe4 Kg6 35. Nc5 Kf5 36. Rd6 Kg4 37. Nxe6 Re7 38. Nd4 Be4 39. Rxa6 Kxg3 40. f5 Kxh4 41. Re6 Rxe6 42. fxe6 Kg4 43. e7 Bg6 44. a4 1-0

[Event "St Petersburg op"]
[Site "St Petersburg"]
[Date "2007.11.04"]
[Round "9"]
[White "Ivanov, Viktor P"]
[Black "Shlakich, Anna"]
[Result "0-1"]
[WhiteElo "2066"]
[BlackElo "2182"]
[PlyCount "134"]
[EventDate "2007.10.27"]
[EventType "swiss"]
[EventRounds "9"]
[EventCountry "RUS"]
[SourceTitle "CBM 121 Extra"]
[Source "ChessBase"]
[SourceDate "2008.01.10"]
[SourceVersion "1"]
[SourceVersionDate "2008.01.10"]
[SourceQuality "1"]

1. Nf3 Nf6 2. c4 c6 3. Nc3 d5 4. cxd5 cxd5 5. d4 Nc6 6. Bf4 Bf5 7. Qb3 Na5 8. Qb5+ Bd7 9. Qd3 g6 10. Ne5 Bg7 11. Nxd7 Qxd7 12. e3 a6 13. Be2 b5 14. 0-0 b4 15. Na4 0-0 16. Rac1 Rfc8 17. Rxc8+ Qxc8 18. a3 bxa3 19. Qxa3 Nc6 20. Nc3 Qb7 21. Na4 Nh5 22. Nc5 Qb6 23. Bxh5 gxh5 24. Ra1 a5 25. Qc3 Nb4 26. Qb3 Qb5 27. Qa4 Qe2 28. Qd1 Qxb2 29. Na4 Qc2 30. Qxh5 Nd3 31. Bg3 Rc8 32. Qd1 e6 33. Kf1 Nb4 34. Qxc2 Nxc2 35. Rb1 Bf8 36. Rb5 Bb4 37. Ke2 Na3 38. Rb8 Rxb8 39. Bxb8 Nc4 40. Kd3 Kf8 41. e4 Ke7 42. exd5 exd5 43. g4 Kd7 44. Bf4 Kc6 45. Kc2 Be1 46. f3 Nb6 47. Nxb6 Kxb6 48. Kb3 Kb5 49. Bd6 a4+ 50. Ka3 Bc3 51. Bc5 Bd2 52. h4 Bc1+ 53. Ka2 Kc4 54. h5 Kd3 55. Bd6 Ke2 56. f4 Kf3 57. g5 Bxf4 58. Be7 Kg4 59. g6 fxg6 60. hxg6 hxg6 61. Ka3 Be3 62. Kxa4 Kf3 63. Kb5 Ke4 64. Kc5 g5 65. Kd6 g4 66. Bh4 Bf4+ 67. Ke6 g3 0-1

[Event "St Petersburg op"]
[Site "St Petersburg"]
[Date "2007.11.02"]
[Round "7"]
[White "Lupik, Marina"]
[Black "Ivanov, Viktor P"]
[Result "1-0"]
[WhiteElo "2237"]
[BlackElo "2066"]
[PlyCount "137"]
[EventDate "2007.10.27"]
[EventType "swiss"]
[EventRounds "9"]
[EventCountry "RUS"]
[SourceTitle "CBM 121 Extra"]
[Source "ChessBase"]
[SourceDate "2008.01.10"]
[SourceVersion "1"]
[SourceVersionDate "2008.01.10"]
[SourceQuality "1"]

1. e4 c5 2. Nf3 Nc6 3. Bb5 Nf6 4. Nc3 a6 5. Bxc6 dxc6 6. d3 Bg4 7. Be3 e5 8. h3 Bxf3 9. Qxf3 Be7 10. 0-0 0-0 11. Qg3 Nd7 12. b3 Kh8 13. a4 b6 14. Rae1 h6 15. Re2 Bg5 16. f4 exf4 17. Bxf4 Bxf4 18. Qxf4 Nf6 19. Ref2 Qe7 20. Ne2 Rae8 21. Ng3 Qe5 22. Qh4 Re6 23. Rf5 Qd4+ 24. Kh1 Qd8 25. Qf4 Kg8 26. Qf3 Qe7 27. Rf4 Qd7 28. Nf5 Ne8 29. Rg4 g5 30. h4 Rg6 31. Rg3 Ng7 32. Qg4 Qd8 33. hxg5 Nxf5 34. Rxf5 hxg5 35. Rxg5 Rxg5 36. Qxg5+ Qxg5 37. Rxg5+ Kh7 38. Re5 Kg7 39. Re7 b5 40. Ra7 c4 41. dxc4 bxc4 42. Rxa6 cxb3 43. cxb3 Rb8 44. Rxc6 Rxb3 45. a5 Rb4 46. e5 Rb5 47. a6 Rxe5 48. a7 Ra5 49. Rc7 Kg6 50. Kh2 Ra6 51. Kg1 Ra2 52. Kf1 f5 53. Ke1 Kg5 54. Kd1 Kg4 55. Rg7+ Kf4 56. Kc1 Ke3 57. Kb1 Ra6 58. Kc2 f4 59. Kc3 Kf2 60. Kd4 Ra4+ 61. Ke5 Ke3 62. Rf7 Ra6 63. Kd5 Ra1 64. Kc6 Kf2 65. Rxf4+ Kxg2 66. Rf7 Kg3 67. Kb7 Rb1+ 68. Kc8 Rh1 69. a8Q 1-0

[Event "St Petersburg Autumn op"]
[Site "St Petersburg"]
[Date "2006.11.06"]
[Round "7"]
[White "Ivanov, Viktor P"]
[Black "Stroganov, Anatoly"]
[Result "1-0"]
[WhiteElo "2077"]
[BlackElo "1898"]
[PlyCount "85"]
[EventDate "2006.10.31"]
[EventType "swiss"]
[EventRounds "9"]
[EventCountry "RUS"]
[SourceTitle "EXT 2007"]
[Source "ChessBase"]
[SourceDate "2006.11.23"]
[SourceVersion "1"]
[SourceVersionDate "2006.11.23"]
[SourceQuality "1"]

1. d4 e6 2. Nf3 Nf6 3. Bg5 d5 4. e3 c5 5. c3 c4 6. Nbd2 Nc6 7. e4 Bd7 8. e5 h6 9. Bh4 g5 10. Nxg5 hxg5 11. Bxg5 Be7 12. Bxf6 Bxf6 13. exf6 Qxf6 14. Qf3 Qg6 15. Rc1 0-0-0 16. b3 b5 17. a4 a6 18. axb5 axb5 19. bxc4 bxc4 20. g3 f6 21. Bg2 Be8 22. h4 e5 23. Bh3+ Kc7 24. Bf5 Qg7 25. Qe3 exd4 26. Qf4+ Rd6 27. cxd4 Bg6 28. Nf3 Re8+ 29. Kf1 Qh7 30. Bxg6 Qxg6 31. Kg2 Re4 32. Qd2 Rde6 33. Rhe1 Qg4 34. Rxe4 Rxe4 35. Rb1 Qe6 36. Qb2 Qe7 37. Qb6+ Kd7 38. Qa6 Qd6 39. Rb7+ Ke8 40. Rh7 Re6 41. Qc8+ Nd8 42. h5 Qf8 43. Qd7# 1-0

[Event "St Petersburg Autumn op"]
[Site "St Petersburg"]
[Date "2006.11.05"]
[Round "6"]
[White "Melnikov, Dmitry"]
[Black "Ivanov, Viktor P"]
[Result "1-0"]
[WhiteElo "2352"]
[BlackElo "2077"]
[PlyCount "137"]
[EventDate "2006.10.31"]
[EventType "swiss"]
[EventRounds "9"]
[EventCountry "RUS"]
[SourceTitle "EXT 2007"]
[Source "ChessBase"]
[SourceDate "2006.11.23"]
[SourceVersion "1"]
[SourceVersionDate "2006.11.23"]
[SourceQuality "1"]

1. e4 c5 2. Nf3 Nc6 3. d4 cxd4 4. Nxd4 Nf6 5. Nc3 e5 6. Ndb5 d6 7. Bg5 a6 8. Na3 Be6 9. Nc4 b5 10. Bxf6 gxf6 11. Ne3 Bg7 12. Bd3 Rc8 13. 0-0 0-0 14. Ncd5 Ne7 15. Qh5 Ng6 16. Kh1 h6 17. g3 Re8 18. h3 Bxd5 19. Nxd5 Ne7 20. Rae1 Nxd5 21. exd5 Rc5 22. Be4 Qd7 23. Kh2 Re7 24. h4 Kf8 25. Rg1 Re8 26. Rgf1 a5 27. Rg1 Rc4 28. Qf3 b4 29. g4 Ke7 30. Qd3 Qc7 31. h5 Qc5 32. Re2 Ra8 33. Rg3 Rd4 34. Qf3 Qc4 35. Bd3 Qc5 36. Be4 a4 37. a3 bxa3 38. Qxa3 Qb5 39. Rge3 Rb8 40. b3 Qd7 41. f3 Bf8 42. Qa1 axb3 43. Rxb3 Rxb3 44. cxb3 Qb7 45. Ra2 Qb6 46. Ra7+ Kd8 47. Rxf7 Rd2+ 48. Kh3 Ke8 49. Bg6 Rh2+ 50. Kxh2 Qf2+ 51. Kh3 Qxf3+ 52. Kh4 Qf2+ 53. Kh3 Qf3+ 54. Kh2 Qf2+ 55. Kh1 Qf3+ 56. Kg1 Qg3+ 57. Kf1 Qf3+ 58. Ke1 Qe3+ 59. Kd1 Qxb3+ 60. Ke2 Qc4+ 61. Ke3 Qf4+ 62. Kd3 Qf3+ 63. Kc4 Qe2+ 64. Kb4 Qxg4+ 65. Ka5 Be7 66. Qa4+ Qxa4+ 67. Kxa4 e4 68. Rxf6+ Kd8 69. Re6 1-0

[Event "St Petersburg Autumn op"]
[Site "St Petersburg"]
[Date "2006.11.02"]
[Round "3"]
[White "Ivanov, Viktor P"]
[Black "Kruglov, Vladimir"]
[Result "1/2-1/2"]
[WhiteElo "2077"]
[BlackElo "1968"]
[PlyCount "101"]
[EventDate "2006.10.31"]
[EventType "swiss"]
[EventRounds "9"]
[EventCountry "RUS"]
[SourceTitle "EXT 2007"]
[Source "ChessBase"]
[SourceDate "2006.11.23"]
[SourceVersion "1"]
[SourceVersionDate "2006.11.23"]
[SourceQuality "1"]

1. d4 e6 2. Nf3 f5 3. g3 Nf6 4. Bg2 Bb4+ 5. Nbd2 0-0 6. c3 Be7 7. b4 d6 8. 0-0 Qe8 9. a4 Qh5 10. h3 Kh8 11. e3 Nbd7 12. Nh2 Qg6 13. Ndf3 Ne4 14. Bb2 d5 15. Nd2 Ndf6 16. Nhf3 Bd6 17. Nxe4 fxe4 18. Ne5 Qe8 19. f4 exf3 20. Bxf3 Bd7 21. b5 c6 22. bxc6 Bxc6 23. Nxc6 bxc6 24. Ba3 Qe7 25. Bxd6 Qxd6 26. Kg2 e5 27. Rb1 Rab8 28. Qc2 c5 29. Rxb8 Rxb8 30. Rb1 e4 31. Rxb8+ Qxb8 32. Bd1 c4 33. Qa2 h6 34. a5 Qb5 35. g4 Ng8 36. h4 Qb8 37. Kh3 Qf8 38. Kg2 Qd8 39. Kg3 Qd6+ 40. Kh3 Qf6 41. Qg2 Ne7 42. g5 hxg5 43. hxg5 Qf5+ 44. Kh2 Kg8 45. Bg4 Qg6 46. Qg3 Qf7 47. Kg2 Ng6 48. Qb8+ Kh7 49. Qh2+ Kg8 50. a6 Qe7 51. Qh5 1/2-1/2